[Event "Berlin CupT final"]
[Site "Berlin"]
[Date "2016.06.19"]
[Round "2.1"]
[White "Kohler, Thomas"]
[Black "Brener, Ilja"]
[Result "1-0"]
[WhiteElo "2117"]
[BlackElo "2397"]
[PlyCount "73"]
[EventDate "2016.06.18"]
[EventType "team-k.o."]
[EventRounds "2"]
[EventCountry "GER"]
[SourceTitle "EXT 2022"]
[Source "ChessBase"]
[SourceDate "2021.10.06"]
[SourceVersion "1"]
[SourceVersionDate "2021.10.06"]
[SourceQuality "1"]
[WhiteTeam "Spandau Zitadelle"]
[BlackTeam "Berlin Makkabi"]
[WhiteTeamCountry "GER"]
[BlackTeamCountry "GER"]

1. Nf3 c5 2. c4 b6 3. g3 Bb7 4. Bg2 g6 5. 0-0 Bg7 6. Nc3 Nc6 7. e3 Nf6 8. d4 0-0 9. d5 Na5 10. Qd3 e6 11. e4 exd5 12. exd5 d6 13. Bf4 a6 14. Rac1 b5 15. b3 bxc4 16. bxc4 Bc8 17. Nd2 Ng4 18. Nce4 Ne5 19. Qa3 Nb7 20. Nf3 Nxf3+ 21. Bxf3 h6 22. h4 f5 23. Nc3 g5 24. hxg5 hxg5 25. Bd2 f4 26. g4 Bd7 27. Ne4 Be5 28. Bc3 Re8 29. Rfe1 a5 30. Qb2 Bxc3 31. Qxc3 Kf7 32. Rb1 Bc8 33. Kg2 Rg8 34. Rh1 Rg7 35. Rh6 Ra7 36. Rbh1 Qe7 37. Qxg7+ 1-0

[Event "Oberliga Nord O 1516"]
[Site "Germany"]
[Date "2016.04.10"]
[Round "9.2"]
[White "Brener, Ilja"]
[Black "Friedersdorff, Frank"]
[Result "1/2-1/2"]
[WhiteElo "2409"]
[BlackElo "2183"]
[PlyCount "109"]
[EventDate "2015.09.20"]
[EventType "team-tourn"]
[EventRounds "9"]
[EventCountry "GER"]
[SourceTitle "EXT 2017"]
[Source "ChessBase"]
[SourceDate "2016.10.25"]
[SourceVersion "1"]
[SourceVersionDate "2016.10.25"]
[SourceQuality "1"]
[WhiteTeam "Makkabi Berlin"]
[BlackTeam "Fuerstenwalde"]
[WhiteTeamCountry "GER"]
[BlackTeamCountry "GER"]

1. e4 d6 2. f4 e5 3. d3 Nc6 4. Nf3 Nf6 5. c4 Bg4 6. Be2 Bxf3 7. Bxf3 Be7 8. 0-0 Nd4 9. Nc3 c6 10. Kh1 h5 11. Be3 Qd7 12. Qd2 Ng4 13. Bg1 Bf6 14. f5 Qe7 15. Qd1 Bg5 16. Bxg4 hxg4 17. Qxg4 Rh4 18. Qd1 0-0-0 19. g3 Rh7 20. Ne2 Rdh8 21. Nxd4 exd4 22. Qg4 f6 23. Rae1 Be3 24. Re2 Bxg1 25. Kxg1 c5 26. Qf4 Qe5 27. Qxe5 dxe5 28. Rb1 a5 29. b3 Kc7 30. a3 Ra8 31. h4 Rhh8 32. Reb2 Rhb8 33. Kf2 b5 34. Ke2 b4 35. axb4 axb4 36. Kd2 Kd7 37. Kc2 Ra6 38. g4 Ke7 39. Rh1 Rba8 40. g5 Ra1 41. Rhb1 Rxb1 42. Kxb1 fxg5 43. hxg5 Ra3 44. Ra2 Rxb3+ 45. Kc2 Rc3+ 46. Kd2 b3 47. Ra7+ Kf8 48. Rb7 Rc2+ 49. Kd1 Rc3 50. Ke2 Rc2+ 51. Kf3 Rc3 52. Kg4 Rxd3 53. f6 g6 54. Rb8+ Kf7 55. Rb7+ 1/2-1/2

[Event "Berlin Maccabi op"]
[Site "Berlin"]
[Date "2015.07.31"]
[Round "4"]
[White "Brener, Ilja"]
[Black "Degtiarev, Evgeny"]
[Result "1/2-1/2"]
[WhiteElo "2401"]
[BlackElo "2439"]
[PlyCount "169"]
[EventDate "2015.07.29"]
[EventType "swiss"]
[EventRounds "7"]
[EventCountry "GER"]
[SourceTitle "CBM 167 Extra"]
[Source "ChessBase"]
[SourceDate "2015.09.14"]
[SourceVersion "1"]
[SourceVersionDate "2015.09.14"]
[SourceQuality "1"]

1. e4 e5 2. Nf3 Nc6 3. Bb5 a6 4. Ba4 Nf6 5. 0-0 Be7 6. Re1 b5 7. Bb3 d6 8. c3 0-0 9. d4 Rb8 10. Nbd2 h6 11. Bc2 Bd7 12. d5 Na7 13. a4 Nc8 14. Nf1 Re8 15. axb5 axb5 16. Ng3 Bf8 17. Bd3 c6 18. dxc6 Bxc6 19. Bc2 Qc7 20. Nh4 d5 21. exd5 Bxd5 22. Nh5 Nxh5 23. Qxd5 Nf6 24. Qf3 e4 25. Qh3 Nb6 26. Nf5 Nbd5 27. Bb3 Re5 28. Ng3 Rbe8 29. Be3 Nxe3 30. fxe3 Rg5 31. Bd1 Bd6 32. Nf1 Kh7 33. Be2 Ree5 34. Ra8 Nd7 35. Rea1 Nb6 36. R8a7 Qc5 37. Rxf7 Nd5 38. Raa7 Bc7 39. Rb7 Qc6 40. Rxb5 Nxc3 41. bxc3 Rxb5 42. Bxb5 Rxb5 43. Qd7 Qxd7 44. Rxd7 Rc5 45. Rd4 Rxc3 46. Rxe4 Rc2 47. Re6 h5 48. g3 Bb8 49. Re7 Bc7 50. Rf7 Bb6 51. Rf2 Rc1 52. Re2 g5 53. h3 g4 54. hxg4 hxg4 55. Kf2 Kg6 56. Rb2 Bc7 57. Nd2 Rh1 58. Kg2 Re1 59. Nf1 Bxg3 60. Rb6+ Kg5 61. Nxg3 Rxe3 62. Rb5+ Kg6 63. Nf1 Rf3 64. Nh2 Rf5 65. Rb4 Kf7 66. Nxg4 Ke7 67. Nh2 Kd6 68. Nf3 Kc5 69. Rb8 Rf6 70. Kf2 Re6 71. Nd2 Kd5 72. Kf3 Rc6 73. Ne4 Ra6 74. Kf4 Ra1 75. Rd8+ Kc4 76. Nd2+ Kc3 77. Nf3 Kc4 78. Ke4 Kc5 79. Rd5+ Kc6 80. Nd4+ Kc7 81. Rh5 Kd6 82. Rh6+ Ke7 83. Nc6+ Kf7 84. Ne5+ Ke7 85. Nc6+ 1/2-1/2

[Event "Berlin Maccabi op"]
[Site "Berlin"]
[Date "2015.07.29"]
[Round "1"]
[White "Waranch, Samuel"]
[Black "Brener, Ilja"]
[Result "0-1"]
[WhiteElo "1713"]
[BlackElo "2401"]
[PlyCount "52"]
[EventDate "2015.07.29"]
[EventType "swiss"]
[EventRounds "7"]
[EventCountry "GER"]
[SourceTitle "CBM 167 Extra"]
[Source "ChessBase"]
[SourceDate "2015.09.14"]
[SourceVersion "1"]
[SourceVersionDate "2015.09.14"]
[SourceQuality "1"]

1. e4 d6 2. d4 c6 3. Nc3 e5 4. d5 Nf6 5. Bd3 g6 6. f3 Bg7 7. Be3 Nbd7 8. dxc6 bxc6 9. Bc4 Nb6 10. Bb3 0-0 11. Qd2 d5 12. Bxb6 Qxb6 13. exd5 cxd5 14. Nxd5 Nxd5 15. Qxd5 Bb7 16. Qd2 Rad8 17. Qf2 Qa5+ 18. c3 e4 19. Ne2 exf3 20. gxf3 Rfe8 21. 0-0 Rd2 22. Rfe1 Qg5+ 23. Kf1 Re3 24. h4 Qe7 25. Qh2 Rxf3+ 26. Kg1 Qe3+ 0-1

[Event "BL2-Nord 0910"]
[Site "Germany"]
[Date "2010.03.21"]
[Round "8.3"]
[White "Jugelt, Tobias"]
[Black "Brener, Ilja"]
[Result "1/2-1/2"]
[WhiteElo "2392"]
[BlackElo "2210"]
[PlyCount "193"]
[EventDate "2009.10.18"]
[EventType "team-tourn"]
[EventRounds "9"]
[EventCountry "GER"]
[SourceTitle "EXT 2011"]
[Source "ChessBase"]
[SourceDate "2010.11.26"]
[SourceVersion "1"]
[SourceVersionDate "2010.11.26"]
[SourceQuality "1"]
[WhiteTeam "Delmenhorst"]
[BlackTeam "Zehlendorf"]
[WhiteTeamCountry "GER"]
[BlackTeamCountry "GER"]

1. d4 d6 2. c4 g6 3. Nc3 Bg7 4. g3 e5 5. dxe5 dxe5 6. Qxd8+ Kxd8 7. Be3 Be6 8. Bg2 Kc8 9. Bd5 Bxd5 10. cxd5 Ne7 11. Bc5 Nf5 12. g4 Nd6 13. Bxd6 cxd6 14. e4 Na6 15. Nf3 Kd7 16. Ke2 b5 17. Rac1 Rab8 18. h4 h5 19. g5 Bf8 20. Ne1 Be7 21. Nd3 Nc5 22. Nb4 Rb6 23. f3 f6 24. gxf6 Bxf6 25. Nc6 b4 26. Nd1 b3 27. a3 Rb7 28. Ne3 g5 29. hxg5 Bxg5 30. Rcg1 Bxe3 31. Kxe3 Kc8 32. Rg6 Na4 33. Rh2 h4 34. Na5 Rb5 35. Nc4 Rc5 36. Kd3 h3 37. Rxd6 Kb8 38. Rc6 Rxc6 39. dxc6 Rh5 40. Ne3 Kc7 41. Kc4 Kxc6 42. Kxb3 Nc5+ 43. Kc4 Ne6 44. Ng4 Nf4 45. b4 a6 46. a4 Rg5 47. b5+ axb5+ 48. axb5+ Kb6 49. Rd2 Rh5 50. Rd6+ Kb7 51. Nh2 Rh7 52. b6 Rg7 53. Rh6 Rg2 54. Ng4 Rc2+ 55. Kb3 Rc5 56. Nf2 Rc6 57. Rh7+ Kxb6 58. Nxh3 Nxh3 59. Rxh3 Kc5 60. Kc3 Ra6 61. Kd3 Ra3+ 62. Ke2 Ra2+ 63. Ke3 Kd6 64. Rh1 Ke6 65. Rd1 Ra3+ 66. Kf2 Ra2+ 67. Kg3 Ra8 68. Rb1 Rg8+ 69. Kf2 Kf6 70. Rb6+ Ke7 71. Ke3 Ra8 72. Rg6 Ra2 73. Rc6 Rb2 74. Kd3 Rf2 75. Kc4 Rxf3 76. Kd5 Ra3 77. Kxe5 Ra5+ 78. Kf4 Rb5 79. Ra6 Rc5 80. Ra4 Ke6 81. Ra1 Rb5 82. Rg1 Ra5 83. Rg6+ Ke7 84. Rb6 Rc5 85. Ra6 Rb5 86. Ke3 Rc5 87. Kd4 Rh5 88. Rc6 Rg5 89. Rc5 Rxc5 90. Kxc5 Ke6 91. Kd4 Kd6 92. e5+ Ke6 93. Ke4 Ke7 94. Kd5 Kd7 95. e6+ Ke7 96. Ke5 Ke8 97. e7 1/2-1/2

[Event "Berlin Lichtenrade op 05th"]
[Site "Berlin"]
[Date "2009.10.25"]
[Round "9"]
[White "Glantz, Robert"]
[Black "Brener, Ilja"]
[Result "0-1"]
[WhiteElo "2228"]
[BlackElo "2409"]
[PlyCount "80"]
[EventDate "2009.10.11"]
[EventType "swiss"]
[EventRounds "9"]
[EventCountry "GER"]
[SourceTitle "EXT 2010"]
[Source "ChessBase"]
[SourceDate "2010.11.25"]
[SourceVersion "1"]
[SourceVersionDate "2010.11.25"]
[SourceQuality "1"]

1. e4 d6 2. d4 Nf6 3. Nc3 e5 4. Nf3 Nbd7 5. Bc4 Be7 6. 0-0 0-0 7. Re1 c6 8. a4 a5 9. b3 h6 10. Bb2 Re8 11. Qd2 Qc7 12. Rad1 Nf8 13. h3 Ng6 14. Bd3 Nh7 15. Ne2 Ng5 16. Nxg5 Bxg5 17. Qc3 Qe7 18. dxe5 dxe5 19. Bc4 h5 20. Ng3 Nf4 21. Nf5 Bxf5 22. exf5 Bf6 23. Re4 Qc7 24. Qf3 Rab8 25. Rxf4 exf4 26. Bxf6 gxf6 27. Qxh5 Kg7 28. Qg4+ Kf8 29. Qh4 Rbd8 30. Qh6+ Ke7 31. Re1+ Kd7 32. Rxe8 Rxe8 33. Qxf6 Re1+ 34. Bf1 Kc8 35. h4 Qd7 36. Qc3 Qd1 37. Qc4 f3 38. gxf3 Qxf3 39. f6 Re4 40. Bg2 Qd1+ 0-1

[Event "Berlin Lichtenrade op 05th"]
[Site "Berlin"]
[Date "2009.10.19"]
[Round "3"]
[White "Welz, Peter"]
[Black "Brener, Ilja"]
[Result "1-0"]
[WhiteElo "2100"]
[BlackElo "2409"]
[PlyCount "71"]
[EventDate "2009.10.11"]
[EventType "swiss"]
[EventRounds "9"]
[EventCountry "GER"]
[SourceTitle "EXT 2010"]
[Source "ChessBase"]
[SourceDate "2010.11.25"]
[SourceVersion "1"]
[SourceVersionDate "2010.11.25"]
[SourceQuality "1"]

1. e4 c5 2. c3 d5 3. exd5 Qxd5 4. d4 e6 5. Nf3 Nf6 6. Be2 Be7 7. 0-0 0-0 8. dxc5 Bxc5 9. Qxd5 Nxd5 10. c4 Nb4 11. Nc3 N8c6 12. Bf4 Nc2 13. Rad1 N2d4 14. Nxd4 Bxd4 15. Nb5 e5 16. Bc1 Bb6 17. Be3 Bxe3 18. fxe3 Rb8 19. Rd2 f5 20. g3 a6 21. Nc3 e4 22. Rfd1 Be6 23. Rd6 Bf7 24. Na4 Rfd8 25. Nc5 Rxd6 26. Rxd6 Be8 27. g4 g6 28. gxf5 gxf5 29. b3 Nb4 30. a4 Bc6 31. Bh5 Rc8 32. Ne6 Nd3 33. h4 Ne1 34. Nd4 Be8 35. Nxf5 Kf8 36. Rf6+ 1-0

[Event "BL2-Nord 0809"]
[Site "Germany"]
[Date "2009.01.18"]
[Round "5.3"]
[White "Syre, Christian"]
[Black "Brener, Ilja"]
[Result "1/2-1/2"]
[WhiteElo "2275"]
[BlackElo "2405"]
[PlyCount "117"]
[EventDate "2008.10.05"]
[EventType "team-tourn"]
[EventRounds "9"]
[EventCountry "GER"]
[SourceTitle "CBM 129 Extra"]
[Source "ChessBase"]
[SourceDate "2009.05.05"]
[SourceVersion "2"]
[SourceVersionDate "2009.05.20"]
[SourceQuality "1"]
[WhiteTeam "Oberschoeneweide"]
[BlackTeam "Zehlendorf"]
[WhiteTeamCountry "GER"]
[BlackTeamCountry "GER"]

1. Nf3 c5 2. e3 Nf6 3. d4 cxd4 4. exd4 d5 5. Bd3 Bg4 6. c3 Nc6 7. Bf4 e6 8. Qb3 Qb6 9. Qxb6 axb6 10. Ne5 Bh5 11. Bb5 Rc8 12. f3 Nd7 13. Nxc6 bxc6 14. Ba6 Rd8 15. Bb7 e5 16. dxe5 Nb8 17. a4 Kd7 18. a5 bxa5 19. Rxa5 Kc7 20. Ba8 Kb6 21. b4 Na6 22. Rxa6+ Kxa6 23. Bxc6 Kb6 24. b5 f6 25. exf6 gxf6 26. Nd2 Be8 27. Nb3 Bxc6 28. bxc6 Kxc6 29. Nd4+ Kd7 30. Nf5 Bc5 31. Kd2 Ra8 32. Rb1 Ra2+ 33. Kd3 Kc6 34. g4 Rf2 35. Nh4 Re8 36. Rb8 Rxb8 37. Bxb8 Bd6 38. Bxd6 Kxd6 39. h3 Kc5 40. Ke3 Rh2 41. Nf5 Rxh3 42. Kf4 Rh2 43. Ne7 Kd6 44. Nf5+ Kc5 45. Ne7 Rc2 46. Ng8 Rxc3 47. Nxf6 d4 48. Nxh7 d3 49. Nf6 Kd4 50. Ne4 Rc8 51. g5 Re8 52. Nf2 Rf8+ 53. Kg4 d2 54. f4 Rc8 55. Kf3 Re8 56. g6 Re1 57. g7 Rg1 58. Ke2 Rg2 59. g8Q 1/2-1/2

[Event "BL2-Nord 0809"]
[Site "Germany"]
[Date "2008.11.30"]
[Round "3.3"]
[White "Schmidt, Harald"]
[Black "Brener, Ilja"]
[Result "0-1"]
[WhiteElo "2390"]
[BlackElo "2405"]
[PlyCount "94"]
[EventDate "2008.10.05"]
[EventType "team-tourn"]
[EventRounds "9"]
[EventCountry "GER"]
[SourceTitle "CBM 129 Extra"]
[Source "ChessBase"]
[SourceDate "2009.05.05"]
[SourceVersion "2"]
[SourceVersionDate "2009.05.20"]
[SourceQuality "1"]
[WhiteTeam "Luebeck II"]
[BlackTeam "Zehlendorf"]
[WhiteTeamCountry "GER"]
[BlackTeamCountry "GER"]

1. e4 d6 2. d4 Nf6 3. Nc3 e5 4. Nf3 Nbd7 5. Bg5 c6 6. a4 Qa5 7. Qd2 Be7 8. Be2 h6 9. Bh4 Nf8 10. 0-0 g5 11. Bg3 Ng6 12. Rfd1 Qc7 13. a5 Nd7 14. a6 g4 15. Ne1 Bg5 16. Qd3 h5 17. dxe5 dxe5 18. Qc4 bxa6 19. f3 h4 20. Bf2 g3 21. Bc5 Nxc5 22. Qxc5 Be7 23. Qe3 Qb6 24. Qxb6 axb6 25. Nd3 Be6 26. h3 0-0 27. f4 exf4 28. Rf1 Bd6 29. e5 Bxe5 30. Nxe5 Nxe5 31. Rxf4 Ng6 32. Rfa4 a5 33. b4 Rad8 34. bxa5 bxa5 35. Rxa5 Rd2 36. Bd3 f5 37. Rf1 Rb8 38. Rc5 Rb6 39. Ra5 Rb8 40. Ra7 Ne5 41. Bxf5 Bc4 42. Re1 Rf2 43. Bh7+ Kh8 44. Nd1 Rb1 45. c3 Rc1 46. Rb7 Bd5 47. c4 Rxd1 0-1

[Event "Brno Duras GM"]
[Site "Brno"]
[Date "2008.06.29"]
[Round "4"]
[White "Brener, Ilja"]
[Black "Bernasek, Jan"]
[Result "1-0"]
[WhiteElo "2423"]
[BlackElo "2530"]
[PlyCount "241"]
[EventDate "2008.06.27"]
[EventType "tourn"]
[EventRounds "11"]
[EventCountry "CZE"]
[EventCategory "9"]
[SourceTitle "CBM 125 Extra"]
[Source "ChessBase"]
[SourceDate "2008.09.01"]
[SourceVersion "1"]
[SourceVersionDate "2008.09.01"]
[SourceQuality "1"]

1. Nf3 f5 2. c4 Nf6 3. g3 g6 4. Bg2 Bg7 5. 0-0 0-0 6. d4 d6 7. Nc3 c6 8. d5 e5 9. dxe6 Bxe6 10. Qd3 Kh8 11. Bf4 Ne8 12. b4 Nd7 13. Rac1 Ne5 14. Nxe5 dxe5 15. Be3 Qf6 16. Na4 e4 17. Qc2 Nd6 18. Nc5 Bc8 19. Rfd1 Qe7 20. Bd4 Bxd4 21. Rxd4 b6 22. Nb3 Nf7 23. Qc3 Kg8 24. f3 Ng5 25. c5 Ba6 26. Qe3 Rae8 27. f4 Ne6 28. Rd6 bxc5 29. bxc5 Bb5 30. Bf1 g5 31. fxg5 f4 32. Qxe4 fxg3 33. hxg3 Nxg5 34. Qxe7 Rxe7 35. Nd4 Ne4 36. Nxb5 cxb5 37. Rd3 Rg7 38. Kh2 Nxc5 39. Rxc5 Rxf1 40. Rd8+ Rf8 41. Rxf8+ Kxf8 42. Rxb5 Re7 43. Rb2 Kf7 44. Kg2 Ke6 45. Rb3 Kd5 46. Kf3 Rf7+ 47. Ke3 Re7+ 48. Kd2 Rg7 49. Rf3 Ke4 50. Re3+ Kd4 51. Ra3 Ke4 52. Ke1 Rf7 53. Rb3 Rc7 54. Kf2 Rc6 55. Rb4+ Ke5 56. Ra4 Rc7 57. Kf3 Rf7+ 58. Ke3 Rc7 59. Ra5+ Kf6 60. Kf4 Ke7 61. Ra6 Ke8 62. e4 Rf7+ 63. Ke5 Rg7 64. Ra3 Rb7 65. Ra6 Rg7 66. Ra3 Re7+ 67. Kd5 Rd7+ 68. Kc4 Re7 69. Kd4 Rd7+ 70. Ke3 Rg7 71. Kf4 Rf7+ 72. Kg4 Rg7+ 73. Kh5 Kf8 74. g4 Re7 75. Ra4 Kf7 76. Kg5 Ke6 77. Kf4 Rf7+ 78. Ke3 Rg7 79. Ra6+ Ke5 80. Ra5+ Ke6 81. g5 Rf7 82. a3 Rb7 83. Kf4 Rf7+ 84. Rf5 Rb7 85. Rf6+ Ke7 86. Ra6 Ke8 87. Kf5 Rf7+ 88. Rf6 Rb7 89. e5 Rb3 90. Ra6 Rf3+ 91. Ke6 Rf7 92. a4 Rg7 93. Kf5 Rf7+ 94. Rf6 Rc7 95. a5 Rc5 96. Ra6 Rc7 97. Re6+ Kf7 98. Rd6 Ke7 99. Rh6 Ke8 100. g6 hxg6+ 101. Rxg6 Rf7+ 102. Rf6 Rh7 103. Ra6 Rf7+ 104. Ke4 Rb7 105. Rh6 Rg7 106. Rh8+ Kd7 107. Kd5 a6 108. Rh6 Rg1 109. Rh7+ Kd8 110. Kd6 Rd1+ 111. Ke6 Ra1 112. Rd7+ Kc8 113. Rd5 Kc7 114. Rc5+ Kd8 115. Kd6 Rd1+ 116. Kc6 Rb1 117. Kd6 Rd1+ 118. Rd5 Ra1 119. Kc6+ Ke7 120. Kb6 Ke6 121. Rc5 1-0

[Event "Mysliborz 3rd"]
[Site "Mysliborz"]
[Date "2008.06.15"]
[Round "9"]
[White "Zezulkin, Jurij"]
[Black "Brener, Ilja"]
[Result "1/2-1/2"]
[WhiteElo "2443"]
[BlackElo "2423"]
[PlyCount "35"]
[EventDate "2008.06.09"]
[EventType "tourn"]
[EventRounds "9"]
[EventCountry "POL"]
[EventCategory "8"]
[SourceTitle "CBM 124 Extra"]
[Source "ChessBase"]
[SourceDate "2008.07.03"]
[SourceVersion "1"]
[SourceVersionDate "2008.07.03"]
[SourceQuality "1"]

1. e4 e5 2. Nf3 Nc6 3. Bb5 a6 4. Ba4 Nf6 5. 0-0 Be7 6. Re1 b5 7. Bb3 d6 8. c3 0-0 9. h3 Nb8 10. d3 Nbd7 11. Nbd2 h6 12. Nf1 Re8 13. Ng3 Bf8 14. Bc2 g6 15. Be3 Bg7 16. Qd2 Kh7 17. Rad1 Bb7 18. Qc1 1/2-1/2

[Event "Mysliborz 3rd"]
[Site "Mysliborz"]
[Date "2008.06.14"]
[Round "7"]
[White "Danielsen, Henrik"]
[Black "Brener, Ilja"]
[Result "1/2-1/2"]
[WhiteElo "2510"]
[BlackElo "2423"]
[PlyCount "137"]
[EventDate "2008.06.09"]
[EventType "tourn"]
[EventRounds "9"]
[EventCountry "POL"]
[EventCategory "8"]
[SourceTitle "CBM 124 Extra"]
[Source "ChessBase"]
[SourceDate "2008.07.03"]
[SourceVersion "1"]
[SourceVersionDate "2008.07.03"]
[SourceQuality "1"]

1. c4 e6 2. Nc3 d5 3. d4 Nf6 4. cxd5 exd5 5. Bg5 Be7 6. e3 c6 7. Qc2 0-0 8. Bd3 Nbd7 9. Nge2 Re8 10. 0-0 h6 11. Bh4 Ne4 12. Bxe7 Qxe7 13. Rae1 Ndf6 14. Nd1 Bd7 15. f3 Ng5 16. Ng3 Rac8 17. Qf2 c5 18. a3 b6 19. Nc3 Qd6 20. Rd1 cxd4 21. exd4 Qb8 22. Rfe1 Kf8 23. Re5 Bc6 24. Bf5 Rcd8 25. h4 Ne6 26. Bxe6 Rxe6 27. Rxe6 fxe6 28. Re1 Qd6 29. Nge2 Be8 30. Qe3 Bf7 31. Nf4 Re8 32. Qe5 Qxe5 33. Rxe5 Nd7 34. Re1 e5 35. dxe5 Nxe5 36. Rc1 Rd8 37. Nb5 d4 38. Re1 Nc4 39. Nd3 a6 40. Nc7 a5 41. Ne6+ Bxe6 42. Rxe6 Rd6 43. Re4 a4 44. Kf2 Rd5 45. Kg3 Kf7 46. f4 Kf6 47. h5 Nd2 48. Re2 Nb3 49. Kg4 Nc5 50. Rd2 Nxd3 51. Rxd3 Ke6 52. Kf3 Rxh5 53. Rxd4 Rb5 54. Rxa4 Rxb2 55. g4 g6 56. Ra8 Rb5 57. Ke4 Ra5 58. Re8+ Kf7 59. Rb8 Rxa3 60. Rb7+ Kf6 61. Rxb6+ Kf7 62. Rb7+ Kg8 63. Ke5 Rg3 64. Rb8+ Kf7 65. Rb7+ Kg8 66. f5 Rxg4 67. f6 Rg1 68. Rg7+ Kf8 69. Rh7 1/2-1/2

[Event "Mysliborz 3rd"]
[Site "Mysliborz"]
[Date "2008.06.11"]
[Round "3"]
[White "Zeberski, Jakub"]
[Black "Brener, Ilja"]
[Result "1/2-1/2"]
[WhiteElo "2398"]
[BlackElo "2423"]
[PlyCount "181"]
[EventDate "2008.06.09"]
[EventType "tourn"]
[EventRounds "9"]
[EventCountry "POL"]
[EventCategory "8"]
[SourceTitle "CBM 124 Extra"]
[Source "ChessBase"]
[SourceDate "2008.07.03"]
[SourceVersion "1"]
[SourceVersionDate "2008.07.03"]
[SourceQuality "1"]

1. e4 c5 2. Nf3 e6 3. d4 cxd4 4. Nxd4 Nc6 5. Nc3 Qc7 6. Be3 a6 7. Qd2 Nf6 8. 0-0-0 Bb4 9. f3 Ne5 10. Nb3 b5 11. Qe1 Be7 12. f4 Ng6 13. e5 Ng4 14. Ne4 0-0 15. Bc5 Bb7 16. Bd6 Bxd6 17. Nxd6 Bd5 18. Rxd5 exd5 19. g3 f6 20. Bg2 fxe5 21. Bxd5+ Kh8 22. Bxa8 Qxd6 23. Bf3 Nf6 24. fxe5 Nxe5 25. Qe2 Nc4 26. Rd1 Qc7 27. Re1 h6 28. Nd4 Qa5 29. a3 Re8 30. Qxe8+ Nxe8 31. Rxe8+ Kh7 32. Be4+ g6 33. c3 Qb6 34. Re7+ Kh8 35. Bd5 Qf6 36. Re8+ Kh7 37. Bxc4 bxc4 38. Re2 Qf1+ 39. Kd2 g5 40. Ke3 Kg6 41. Rf2 Qh1 42. Re2 a5 43. Kd2 a4 44. Kc2 Qf1 45. Kd2 Kh5 46. Kc2 Kg4 47. Rd2 Kh3 48. Re2 h5 49. Rd2 h4 50. gxh4 gxh4 51. Re2 Kg4 52. Re4+ Kh3 53. Re2 Qh1 54. Nf5 Kg4 55. Nd4 d5 56. Rd2 Qf1 57. Rd1 Qg2+ 58. Rd2 Qh1 59. Re2 Qf1 60. Rd2 Kf4 61. Re2 Qg1 62. Ne6+ Kf3 63. Kd2 Qb1 64. Nd4+ Kf4 65. Ne6+ Kg4 66. Ke3 Qg1+ 67. Kd2 Qb6 68. Kc2 Kf3 69. Kd1 Qg1+ 70. Kd2 Qb1 71. Nd4+ Kf4 72. Ne6+ Kg4 73. Ke3 Qc1+ 74. Kf2 Qh1 75. Ke3 Qf1 76. Kd2 Kh3 77. Ng5+ Kg4 78. Ne6 h3 79. Nd4 Qb1 80. Ke3 Qc1+ 81. Kf2 Qb1 82. Ke3 Qd1 83. Kf2 Qc1 84. Ne6 Qh1 85. Ke3 Qg1+ 86. Kd2 Qb6 87. Kd1 Qb8 88. Nd4 Qf4 89. Kc2 Qf1 90. Kd2 Qb1 91. Ke3 1/2-1/2

[Event "GER-ch Net qual1 U25"]
[Site "Playchess.com INT"]
[Date "2008.06.01"]
[Round "2"]
[White "Brener, Ilja"]
[Black "Rietze, Clemens"]
[Result "1-0"]
[WhiteElo "2394"]
[BlackElo "2083"]
[PlyCount "53"]
[EventDate "2008.06.01"]
[EventType "swiss (blitz)"]
[EventRounds "7"]
[EventCountry "GER"]
[SourceTitle "CBM 124 Extra"]
[Source "ChessBase"]
[SourceDate "2008.07.03"]
[SourceVersion "1"]
[SourceVersionDate "2008.07.03"]
[SourceQuality "1"]

1. Nf3 Nf6 2. c4 g6 3. Nc3 d5 4. Qa4+ Bd7 5. Qb3 dxc4 6. Qxc4 Bg7 7. e4 0-0 8. e5 Ne8 9. Be2 Be6 10. Qh4 f6 11. d4 c6 12. 0-0 Nd7 13. Bh6 Nc7 14. Bxg7 Kxg7 15. Rad1 Nd5 16. Qg3 Qb6 17. Rd2 Rfd8 18. h4 Kf7 19. h5 Rg8 20. Re1 g5 21. Bd3 Nf8 22. exf6 exf6 23. Ne4 Nf4 24. Nd6+ Kg7 25. Nxg5 Kh8 26. Ngf7+ Bxf7 27. Nxf7# 1-0

[Event "GER-ch Net qual1 U25"]
[Site "Playchess.com INT"]
[Date "2008.06.01"]
[Round "6"]
[White "Zaragatski, Ilja"]
[Black "Brener, Ilja"]
[Result "0-1"]
[WhiteElo "2469"]
[BlackElo "2394"]
[PlyCount "162"]
[EventDate "2008.06.01"]
[EventType "swiss (blitz)"]
[EventRounds "7"]
[EventCountry "GER"]
[SourceTitle "CBM 124 Extra"]
[Source "ChessBase"]
[SourceDate "2008.07.03"]
[SourceVersion "1"]
[SourceVersionDate "2008.07.03"]
[SourceQuality "1"]

1. e4 e5 2. Nf3 Nc6 3. Bb5 a6 4. Ba4 Nf6 5. 0-0 Be7 6. Re1 b5 7. Bb3 d6 8. c3 0-0 9. h3 Nb8 10. d4 Nbd7 11. Nbd2 Bb7 12. Bc2 Re8 13. Nf1 Bf8 14. Ng3 c6 15. a4 Qc7 16. b3 Rad8 17. Bb2 d5 18. Qb1 exd4 19. cxd4 dxe4 20. Nxe4 Nxe4 21. Bxe4 Nf6 22. Bd3 c5 23. Rxe8 Rxe8 24. Qd1 c4 25. bxc4 bxc4 26. Rc1 Qb6 27. Bxc4 Bxf3 28. Qxf3 Qxb2 29. Rf1 a5 30. g4 h6 31. Rd1 Qb4 32. Qc6 Re1+ 33. Rxe1 Qxe1+ 34. Kg2 Qe4+ 35. Qxe4 Nxe4 36. Bd5 Nf6 37. Bc6 Bb4 38. Kf3 Kf8 39. Ke3 Ke7 40. Kd3 Kd6 41. Bb5 Nh7 42. f4 Nf8 43. Ke4 Ne6 44. Bc4 Bd2 45. h4 Be1 46. f5 Nd8 47. g5 hxg5 48. hxg5 f6 49. gxf6 gxf6 50. Bb3 Nc6 51. Bd5 Nb4 52. Be6 Bc3 53. Ke3 Nc6 54. Kd3 Bxd4 55. Kc4 Be3 56. Kb5 Bd2 57. Bf7 Nd4+ 58. Kc4 Ke5 59. Kd3 Bb4 60. Bg6 Nxf5 61. Kc4 Nd6+ 62. Kd3 f5 63. Bh5 f4 64. Bf3 Nf5 65. Bb7 Nh4 66. Ke2 Kd4 67. Bc6 Bd6 68. Bb7 Ng6 69. Bc6 Ne5 70. Be8 Nc4 71. Kf3 Nb6 72. Bc6 Kc5 73. Be8 Kb4 74. Bc6 Nxa4 75. Be8 Nb6 76. Bf7 a4 77. Bg8 a3 78. Bf7 Kc3 79. Ba2 Bc7 80. Ke4 Kb2 81. Be6 a2 0-1

[Event "Berlin Unicorn op"]
[Site "Berlin"]
[Date "2008.05.01"]
[Round "2"]
[White "Brener, Ilja"]
[Black "Kantans, Toms"]
[Result "1/2-1/2"]
[WhiteElo "2423"]
[BlackElo "2144"]
[PlyCount "101"]
[EventDate "2008.04.30"]
[EventType "swiss"]
[EventRounds "7"]
[EventCountry "GER"]
[SourceTitle "CBM 124 Extra"]
[Source "ChessBase"]
[SourceDate "2008.07.03"]
[SourceVersion "1"]
[SourceVersionDate "2008.07.03"]
[SourceQuality "1"]

1. Nf3 e6 2. c4 b6 3. g3 Bb7 4. Bg2 f5 5. 0-0 Nf6 6. d3 Be7 7. e4 fxe4 8. Ng5 Na6 9. dxe4 0-0 10. Nc3 h6 11. Nh3 e5 12. f4 Bc5+ 13. Kh1 Bd4 14. Nd5 Nc5 15. Qc2 c6 16. Nxf6+ Rxf6 17. f5 d5 18. exd5 cxd5 19. g4 Qd7 20. g5 hxg5 21. Bxg5 Rf7 22. cxd5 Bxd5 23. Rad1 Qb7 24. Rd2 Raf8 25. Bh4 Bxg2+ 26. Rxg2 Qe4 27. Qxe4 Nxe4 28. Re1 Nd6 29. f6 Nf5 30. Bg5 Kh7 31. fxg7 Nxg7 32. Rc2 Ne6 33. Bh4 Rf1+ 34. Kg2 Rxe1 35. Bxe1 Kg6 36. Bf2 Bxf2 37. Nxf2 Kf5 38. Nd1 Rg8+ 39. Kf2 Rh8 40. Ne3+ Ke4 41. Nf1 Nd4 42. Rc3 Kf4 43. Rc7 a5 44. Rf7+ Ke4 45. Rc7 Rh6 46. Kg2 Nc6 47. Ng3+ Kd3 48. Rb7 Nd4 49. Rc7 Nc6 50. Rb7 Nd4 51. Rc7 1/2-1/2

[Event "Pfalz op 01st"]
[Site "Neustadt an der Weinstrasse"]
[Date "2008.02.18"]
[Round "3"]
[White "Brener, Ilja"]
[Black "Kempinski, Robert"]
[Result "1/2-1/2"]
[WhiteElo "2394"]
[BlackElo "2590"]
[PlyCount "39"]
[EventDate "2008.02.16"]
[EventType "swiss"]
[EventRounds "9"]
[EventCountry "GER"]
[SourceTitle "CBM 122 Extra"]
[Source "ChessBase"]
[SourceDate "2008.03.04"]
[SourceVersion "1"]
[SourceVersionDate "2008.03.04"]
[SourceQuality "1"]

1. Nf3 Nf6 2. c4 g6 3. Nc3 Bg7 4. e4 0-0 5. d4 c6 6. Be2 d5 7. e5 Ne4 8. 0-0 Nxc3 9. bxc3 dxc4 10. Bxc4 c5 11. Bf4 Bg4 12. h3 Bxf3 13. Qxf3 cxd4 14. Qxb7 Nd7 15. cxd4 Nb6 16. Bb3 Qxd4 17. Be3 Qxe5 18. Bxb6 axb6 19. Rae1 Rab8 20. Qxe7 1/2-1/2